| 000 | 00532nam a22001817a 4500 | ||
|---|---|---|---|
| 003 | NUST | ||
| 005 | 20260417152925.0 | ||
| 008 | 260417b ||||| |||| 00| 0 eng d | ||
| 020 | _a 978-0415364287 | ||
| 082 |
_a551.49 _bAPP |
||
| 100 |
_a C.A.J. Appelo, Dieke Postma. _9134194 |
||
| 245 |
_aGeochemistry, Groundwater and Pollution / _c C.A.J. Appelo, Dieke Postma. |
||
| 250 | _a2nd Edition | ||
| 260 |
_aNetherland: _bA.A. Balkema Publishers, _c2005. |
||
| 300 |
_a649 p ; _c29.3 cm |
||
| 563 | _aPaperback | ||
| 942 |
_2ddc _cBK |
||
| 999 |
_c617165 _d617165 |
||